Normal view
MARC view
- World politics
Entry Topical Term
001 - CONTROL NUMBER
- control field: 37083
003 - CONTROL NUMBER IDENTIFIER
- control field: OSt
005 - DATE AND TIME OF LATEST TRANSACTION
- control field: 20150111120753.0
008 - FIXED-LENGTH DATA ELEMENTS
- fixed length control field: 150111|| aca||babn | a|a d
040 ## - CATALOGING SOURCE
- Original cataloging agency: OSt
150 ## - HEADING--TOPICAL TERM
- Topical term or geographic name as entry element: World politics
- Chronological subdivision: 1945-1989
450 ## - SEE FROM TRACING--TOPICAL TERM
- Topical term or geographic name entry element: Coexistence (World politics)
450 ## - SEE FROM TRACING--TOPICAL TERM
- Topical term or geographic name entry element: Peaceful coexistence